Nachrichten von der Antike in deutschen Zeitschriften von 1755 bis 1835

Klappentext: Zeitschriften versorgten im gewählten Zeitraum bereits eine breite Leserschaft sehr schnell und zunehmend differenziert mit Nachrichten von der Antike. Die vorliegende Publikation untersucht die Berichterstattung in der Presse und hinterfragt die Beziehungen von Archäologie, Medien un...

Ausführliche Beschreibung

Gespeichert in:
Bibliographische Detailangaben
VerfasserIn: Miller-Gruber, Renate (ZusammenstellendeR)
Körperschaft: Michael Imhof Verlag (Verlag)
Dokumenttyp: Buch
Sprache:German
Veröffentlicht: [Petersberg] : Michael Imhof Verlag , [2017]
Schriftenreihe:Stendaler Winckelmann-Forschungen Band 12
Schlagwörter:
Online Zugang:Rezension
Inhaltsverzeichnis
Rezension
Rezension
Inhaltsverzeichnis
Bibliogr. Hinweis:Rezensiert in: [Rezension von: Miller-Gruber, Renate, 1953-, Nachrichten von der Antike in deutschen Zeitschriften von 1755 bis 1835]
Rezensiert in: [Rezension von: Miller-Gruber, Renate, 1953-, Nachrichten von der Antike in deutschen Zeitschriften von 1755 bis 1835]
Rezensiert in: [Rezension von: Renate Miller-Gruber, Nachrichten von der Antike. In deutschen Zeitschriften von 1755 bis 1835]
Verantwortlich:Renate Miller-Gruber
LEADER 09053cam a2201417 c 4500
001 1008908037
003 DE-627
005 20260609220828.0
007 tu
008 171213s2017 gw ||||| b 00| ||ger c
015 |a 17,N50  |2 dnb 
015 |a 17,N50  |2 dnb 
016 7 |a 1148143688  |2 DE-101 
020 |a 3731906252  |q  : EUR 79.00 (DE), EUR 81.20 (AT), CHF 91.00 (freier Preis)  |9 3-7319-0625-2 
020 |a 9783731906254  |q  : EUR 79.00 (DE), EUR 81.20 (AT), CHF 91.00 (freier Preis)  |9 978-3-7319-0625-4 
024 3 |a 9783731906254 
035 |a (DE-627)1008908037 
035 |a (DE-603)423731351 
035 |a (DE-576)49354853X 
035 |a (DE-599)DNB1148143688 
035 |a (OCoLC)1006766108 
035 |a (OCoLC)1006766108 
040 |a DE-627  |b ger  |c DE-627  |e rda 
041 |a ger 
044 |c XA-DE-HE 
082 0 |a 016.93  |q DE-101  |2 23/ger 
082 0 |a 700 
082 0 4 |a 700  |a 010  |a 930  |q DE-101 
084 |a ALT-KA  |q DE-16  |2 fid 
084 |a LE 1250  |2 rvk  |0 (DE-625)rvk/90716: 
084 |a LE 3800  |2 rvk  |0 (DE-625)rvk/90740: 
084 |a LG 9200  |2 rvk  |0 (DE-625)rvk/92184: 
084 |a LH 71360  |2 rvk  |0 (DE-625)rvk/94870: 
084 |a 05.01  |2 bkl 
084 |a 05.30  |2 bkl 
084 |a 15.17  |2 bkl 
100 1 |a Miller-Gruber, Renate  |d 1953-  |e ZusammenstellendeR  |0 (DE-588)12285571X  |0 (DE-627)082196583  |0 (DE-576)293449295  |4 com 
245 1 0 |a Nachrichten von der Antike in deutschen Zeitschriften von 1755 bis 1835  |c Renate Miller-Gruber 
246 3 0 |a siebzehnhundertfünfundfünfzig achtzehnhundertfünfunddreißig 
264 1 |a [Petersberg]  |b Michael Imhof Verlag  |c [2017] 
264 4 |c © 2017 
300 |a 446 Seiten  |b Illustrationen  |c 26.5 cm x 20 cm, 1650 g 
336 |a Text  |b txt  |2 rdacontent 
337 |a ohne Hilfsmittel zu benutzen  |b n  |2 rdamedia 
338 |a Band  |b nc  |2 rdacarrier 
490 1 |a Stendaler Winckelmann-Forschungen  |v Band 12 
500 |a Literaturverzeichnis Seite 331-393 
520 |a Klappentext: Zeitschriften versorgten im gewählten Zeitraum bereits eine breite Leserschaft sehr schnell und zunehmend differenziert mit Nachrichten von der Antike. Die vorliegende Publikation untersucht die Berichterstattung in der Presse und hinterfragt die Beziehungen von Archäologie, Medien und Öffentlichkeit. So trugen journalistisch aufbereitete Informationen wesentlich zu einer Popularisierung archäologischer Kenntnisse bei und beeinflussten die Geschmacksbildung von Künstlern, Lehrern und Sammlern. Durch sie erfuhren auch diejenigen, die keine Bildungsreise unternehmen konnten und keinen Zugang zu kostbaren, oft fremdsprachigen Prachtbänden hatten, Neues über antike Denkmäler, der ‚Schulmann‘ in Augsburg ebenso wie der dilettierende Kunstliebhaber in seiner abseits gelegenen Residenz. Zeitschriften regten aber auch den wissenschaftlichen Diskurs an Akademien und Universitäten an. Sie wurden zunehmend ein Forum für den fachlich spezialisierten Austausch und begleiteten mithin die Bildung der neuen Disziplin ‚Archäologie‘. 
583 1 |a Archivierung/Langzeitarchivierung gewährleistet  |f FID  |x XA-DE-BW  |2 pdager  |5 DE-16 
583 1 |a Archivierung/Langzeitarchivierung gewährleistet  |f PEHE  |2 pdager  |5 DE-66 
648 7 |a Geschichte 1755-1835  |2 gnd 
650 0 7 |0 (DE-588)4068754-5  |0 (DE-627)106105086  |0 (DE-576)209174544  |a Antike  |2 gnd 
650 0 7 |0 (DE-588)4067488-5  |0 (DE-627)10454466X  |0 (DE-576)20917000X  |a Zeitschrift  |2 gnd 
650 0 7 |0 (DE-588)4002827-6  |0 (DE-627)104459425  |0 (DE-576)208848878  |a Archäologie  |2 gnd 
650 0 7 |0 (DE-588)4164039-1  |0 (DE-627)105450375  |0 (DE-576)209885599  |a Klassische Archäologie  |2 gnd 
650 0 7 |0 (DE-588)4005709-4  |0 (DE-627)106380176  |0 (DE-576)208862420  |a Berichterstattung  |2 gnd 
650 0 7 |0 (DE-588)4169187-8  |0 (DE-627)105411868  |0 (DE-576)209921099  |a Medien  |2 gnd 
650 0 7 |0 (DE-588)4043183-6  |0 (DE-627)106210874  |0 (DE-576)209054581  |a Öffentlichkeit  |2 gnd 
651 7 |0 (DE-588)4011882-4  |0 (DE-627)104704861  |0 (DE-576)208896155  |a Deutschland  |2 gnd 
655 7 |a Bibliografie  |0 (DE-588)4006432-3  |0 (DE-627)104814519  |0 (DE-576)208865578  |2 gnd-content 
689 0 0 |d g  |0 (DE-588)4011882-4  |0 (DE-627)104704861  |0 (DE-576)208896155  |a Deutschland  |2 gnd 
689 0 1 |d s  |0 (DE-588)4067488-5  |0 (DE-627)10454466X  |0 (DE-576)20917000X  |a Zeitschrift  |2 gnd 
689 0 2 |d s  |0 (DE-588)4005709-4  |0 (DE-627)106380176  |0 (DE-576)208862420  |a Berichterstattung  |2 gnd 
689 0 3 |d s  |0 (DE-588)4068754-5  |0 (DE-627)106105086  |0 (DE-576)209174544  |a Antike  |2 gnd 
689 0 4 |d s  |0 (DE-588)4002827-6  |0 (DE-627)104459425  |0 (DE-576)208848878  |a Archäologie  |2 gnd 
689 0 5 |a z  |2 gnd  |a Geschichte 1755-1835 
689 0 |5 DE-101 
689 1 0 |d g  |0 (DE-588)4011882-4  |0 (DE-627)104704861  |0 (DE-576)208896155  |a Deutschland  |2 gnd 
689 1 1 |d s  |0 (DE-588)4164039-1  |0 (DE-627)105450375  |0 (DE-576)209885599  |a Klassische Archäologie  |2 gnd 
689 1 2 |d s  |0 (DE-588)4005709-4  |0 (DE-627)106380176  |0 (DE-576)208862420  |a Berichterstattung  |2 gnd 
689 1 3 |d s  |0 (DE-588)4067488-5  |0 (DE-627)10454466X  |0 (DE-576)20917000X  |a Zeitschrift  |2 gnd 
689 1 4 |a z  |2 gnd  |a Geschichte 1755-1835 
689 1 |5 (DE-627) 
689 2 0 |d g  |0 (DE-588)4011882-4  |0 (DE-627)104704861  |0 (DE-576)208896155  |a Deutschland  |2 gnd 
689 2 1 |d s  |0 (DE-588)4002827-6  |0 (DE-627)104459425  |0 (DE-576)208848878  |a Archäologie  |2 gnd 
689 2 2 |d s  |0 (DE-588)4164039-1  |0 (DE-627)105450375  |0 (DE-576)209885599  |a Klassische Archäologie  |2 gnd 
689 2 3 |d s  |0 (DE-588)4169187-8  |0 (DE-627)105411868  |0 (DE-576)209921099  |a Medien  |2 gnd 
689 2 4 |d s  |0 (DE-588)4043183-6  |0 (DE-627)106210874  |0 (DE-576)209054581  |a Öffentlichkeit  |2 gnd 
689 2 5 |a z  |2 gnd  |a Geschichte 1755-1835 
689 2 |5 (DE-627) 
710 2 |a Michael Imhof Verlag  |e Verlag  |0 (DE-588)1065428324  |0 (DE-627)816749604  |0 (DE-576)425151581  |4 pbl 
787 0 8 |i Rezensiert in  |a Schreiber, Klaus, 1940 -   |t [Rezension von: Miller-Gruber, Renate, 1953-, Nachrichten von der Antike in deutschen Zeitschriften von 1755 bis 1835]  |d 2018  |w (DE-627)1690083034 
787 0 8 |i Rezensiert in  |a Böning, Holger, 1949 - 2024  |t [Rezension von: Miller-Gruber, Renate, 1953-, Nachrichten von der Antike in deutschen Zeitschriften von 1755 bis 1835]  |d 2021  |w (DE-627)1773526359 
787 0 8 |i Rezensiert in  |a Fendt, Astrid, 1970 -   |t [Rezension von: Renate Miller-Gruber, Nachrichten von der Antike. In deutschen Zeitschriften von 1755 bis 1835]  |d 2020  |w (DE-627)1783555866 
830 0 |a Stendaler Winckelmann-Forschungen  |v Band 12  |9 12  |w (DE-627)381843807  |w (DE-576)110424611  |w (DE-600)2139020-4  |7 am 
856 4 2 |u http://www.informationsmittel-fuer-bibliotheken.de/showfile.php?id=9091  |m V:DE-576;X:IFB  |q application/pdf  |v 20180612050002  |3 Rezension  |7 1 
856 4 2 |u http://d-nb.info/1148143688/04  |m B:DE-101  |q application/pdf  |3 Inhaltsverzeichnis  |7 1 
856 4 2 |u http://www.sehepunkte.de/2020/02/31776.html  |m V:DE-576;X:SEHEPUNKTE  |q text/html  |v 20200610165104  |3 Rezension  |7 1 
856 4 2 |u https://swbplus.bsz-bw.de/bsz1008908037rez.htm  |m V:DE-576;B:DE-16  |q application/pdf  |v 20200624153031  |3 Rezension  |7 1 
856 4 2 |u http://scans.hebis.de/HEBCGI/show.pl?42373135_toc.pdf  |m V:DE-603;B:DE-17  |q application/pdf  |3 Inhaltsverzeichnis  |7 1 
936 r v |a LE 1250  |b Bibliografien und Bibliothekskataloge  |k Klassische Archäologie  |k Handbücher und Sammelwerke  |k Bibliografien und Bibliothekskataloge  |0 (DE-627)1271568233  |0 (DE-625)rvk/90716:  |0 (DE-576)201568233 
936 r v |a LE 3800  |b Geschichte des Faches und seiner Institutionen  |k Klassische Archäologie  |k Systematik und Geschichte des Faches  |k Geschichte des Faches und seiner Institutionen  |0 (DE-627)1270641794  |0 (DE-625)rvk/90740:  |0 (DE-576)200641794 
936 r v |a LG 9200  |b Neuzeit  |k Klassische Archäologie  |k Antike Kunst und Kultur  |k Nachleben und Wirkung der antiken Kunst  |k Neuzeit  |0 (DE-627)1270771639  |0 (DE-625)rvk/92184:  |0 (DE-576)200771639 
936 r v |a LH 71360  |b Klassizismus (bzw. 18. und 19. Jahrhundert)  |k Kunstgeschichte  |k Allgemeines. Allgemeine Kunstgeschichte  |k Kunstgeschichte einzelner Gattungen der Kunst  |k Zeichnung und Grafik  |k Darstellungen einzelner Epochen  |k Klassizismus (bzw. 18. und 19. Jahrhundert)  |0 (DE-627)1271108135  |0 (DE-625)rvk/94870:  |0 (DE-576)201108135 
936 b k |a 05.01  |j Geschichte der Kommunikationswissenschaft  |0 (DE-627)181569582 
936 b k |a 05.30  |j Massenkommunikation  |j Massenmedien: Allgemeines  |0 (DE-627)106415131 
936 b k |a 15.17  |j Klassische Archäologie  |0 (DE-627)106419749 
936 s n |a l300  |2 mzub 
936 s n |a a100  |2 mzub 
936 s n |a l200  |2 mzub 
936 s n |a n100  |2 mzub 
951 |a BO 
990 |a Deutschland 
990 |a Zeitschrift 
990 |a Berichterstattung 
990 |a Antike 
990 |a Archäologie 
990 |a Geschichte 1755-1835 
990 |a Deutschland 
990 |a Klassische Archäologie 
990 |a Berichterstattung 
990 |a Zeitschrift 
990 |a Geschichte 1755-1835 
990 |a Deutschland 
990 |a Archäologie 
990 |a Klassische Archäologie 
990 |a Medien 
990 |a Öffentlichkeit 
990 |a Geschichte 1755-1835 
991 |a Rezensiertes Werk 
999 |a KXP-PPN1008908037  |e 4032523223